000 00917cab a2200253 4500
001 WB2914-34
008 090401t1993 xxu||||| |||| 00| 0 eng d
035 _a(Sirsi) u91625
041 _aeng
245 _aConstitutional change at RICS
260 _c1993
350 _a0
490 _aRICS Press Release
_v(PR74/93) 5 April 1993
490 _aCSW - The Property Week
_v43(2) 8 April 1993, 7 (3)
490 _aEstates Gazette
_v10 April 1993, 10
520 _aThe RICS announces proposals to change its constitution, making it more accountable and flexible. After a consultation period until September proposals will be formally submitted to General Council in November 1993.
650 _aCONSTITUTION
650 _aCONSTITUTIONAL REVIEW COMMITTEE
650 _aCUBBON REPORT
650 _aRICS
690 _aMANAGEMENT-BUSINESS MANAGEMENT-PROFESSIONAL PRACTICE
942 _n0
948 _c04/03/1997
999 _c58182
_d58182